Nghiệm yếu cho bài toán Parabolic

Giới thiệu không gian các hàm liên tục, các hàm khả vi liên tục và không gian các hàm khả tích, nêu định nghĩa đạo hàm suy rộng và sự tồn tại của nó. Từ đó giới thiệu lý thuyết không gian Sobolev. Trình bày hệ thống lý thuyết về nghiệm yếu của bài táo parabolic....

Πλήρης περιγραφή

Αποθηκεύτηκε σε:
Λεπτομέρειες βιβλιογραφικής εγγραφής
Κύριος συγγραφέας: Mai Thị Ánh Minh
Άλλοι συγγραφείς: Nguyễn Duy Thái Sơn TS. (Hướng dẫn)
Μορφή: Βιβλίο
Γλώσσα:Vietnamese
Έκδοση: Đà Nẵng Đại học Đà Nẵng 2015
Θέματα:
Ετικέτες: Προσθήκη ετικέτας
Δεν υπάρχουν, Καταχωρήστε ετικέτα πρώτοι!
Thư viện lưu trữ: Mạng thư viện Đại học Đà Nẵng
LEADER 01784nam a2200361 4500
001 000020234
003 16679
005 20150317150350.0
008 150310s2015 viesd
041 |a vie 
082 1 4 |a 515.782  |b MA-M 
100 1 |a Mai Thị Ánh Minh 
245 1 |a Nghiệm yếu cho bài toán Parabolic  |c Mai Thị Ánh Minh ; Trần Nhân Tâm Quyền hướng dẫn.  |k Luận văn Thạc sĩ 
260 |a Đà Nẵng  |b Đại học Đà Nẵng  |c 2015 
300 |a 78 tr., phụ lục 3 tr.  |c 29 cm.  |e Tóm tắt 
500 |a Luận văn thạc sĩ Khoa học. Chuyên ngành: Phương pháp toán sơ cấp. Mã số: 60.46.40. 
520 3 |a Giới thiệu không gian các hàm liên tục, các hàm khả vi liên tục và không gian các hàm khả tích, nêu định nghĩa đạo hàm suy rộng và sự tồn tại của nó. Từ đó giới thiệu lý thuyết không gian Sobolev. Trình bày hệ thống lý thuyết về nghiệm yếu của bài táo parabolic. 
650 0 4 |a Không gian Sobolev (Đại số)  |v Luận văn tốt nghiệp  |x Bài toán Parabolic 
653 |a Phương pháp toán sơ cấp 
653 |a Bài toán Parabolic 
653 |a Không gian sobolev 
653 |a Đại số 
700 1 |a Nguyễn Duy Thái Sơn  |c TS.  |e Hướng dẫn 
OWN |a LSP 
AVA |a UDN50  |b LSP  |d 515.782 MA-M  |e available  |t Error 5001 Not defined in file expand_doc_bib_avail.  |f 1  |g 0  |h N  |i 0  |k 1 
999 |a From the UDN01 
AVA |a UDN50  |b LSP  |d 515.782 MA-M  |e available  |t Error 5001 Not defined in file expand_doc_bib_avail.  |f 1  |g 0  |h N  |i 0  |k 1 
TYP |a Monograph 
TYP |a Printed language 
980 |a Mạng thư viện Đại học Đà Nẵng